书目信息 |
| 题名: |
和谐社会建设中的非理性
|
|
| 作者: | 吴宁 著 | |
| 分册: | ||
| 出版信息: | 合肥 合肥工业大学出版社 2007 |
|
| 页数: | 297页 | |
| 开本: | 20cm | |
| 丛书名: | ||
| 单 册: | ||
| 中图分类: | D669 | |
| 科图分类: | ||
| 主题词: | 社会问题--研究--中国 | |
| 电子资源: | ||
| ISBN: | 978-7-81093-568-5 | |
| 000 | 00587nam0 2200205 45 | |
| 001 | 070730000650 | |
| 005 | 20071015113329.91 | |
| 010 | @a978-7-81093-568-5@dCNY20.00 | |
| 100 | @a20070718d2007 ekmy0chiy0120 ea | |
| 101 | 0 | @achi |
| 102 | @aCN@b340000 | |
| 105 | @ay z 000yy | |
| 200 | 1 | @a和谐社会建设中的非理性@AHe Xie She Hui Jian She Zhong De Fei Li Xing@f吴宁著@FWu Ning Zhu |
| 210 | @a合肥@c合肥工业大学出版社@d2007 | |
| 215 | @a297页@d20cm | |
| 606 | 0 | @a社会问题@x研究@y中国 |
| 690 | @aD669@v4 | |
| 701 | 0 | @a吴宁@AWu Ning@4著 |
| 801 | 0 | @aCN@c20071015 |
| 905 | @dD669@eW842 | |
| 和谐社会建设中的非理性/吴宁著.-合肥:合肥工业大学出版社,2007 |
| 297页;20cm |
| ISBN 978-7-81093-568-5:CNY20.00 |
| ● |
| 相关链接 |
|
|
|
正题名:和谐社会建设中的非理性
索取号:D669/W842
 
预约/预借
| 序号 | 登录号 | 条形码 | 馆藏地/架位号 | 状态 | 备注 |
| 1 | 651430 | 206514306 | 社科库509/509社科库 75排9列5层/ [索取号:D669/W842] | 在馆 | |
| 2 | 651431 | 206514315 | 社科库509/509社科库 75排9列5层/ [索取号:D669/W842] | 在馆 | |
| 3 | 651432 | 206514324 | 社科库509/509社科库 75排9列5层/ [索取号:D669/W842] | 在馆 |